Historias de la vida cotidiana en San Luis Potosí del siglo XVII al siglo XX /
Conjunto de trabajos sobre diversos fenómenos de la vida cotidiana en la historia de San Luis Potosí, situados en un marco cronológico comprendido entre el siglo XVII y la primera mitad del siglo XX: Parte I: La ciudad en armas: 1) Escándalos y patíbulos en San Luis Potosí: los levantamientos popula...
Đã lưu trong:
| Tác giả chính: | |
|---|---|
| Định dạng: | Sách |
| Ngôn ngữ: | Tiếng Tây Ban Nha |
| Được phát hành: |
San Luis Potosí, México :
Universidad Autónoma de San Luis Potosí,
2015, c2015
|
| Những chủ đề: | |
| Các nhãn: |
Không có thẻ, Là người đầu tiên thẻ bản ghi này!
|
MARC
| LEADER | 00000nam^a2200000^a^4500 | ||
|---|---|---|---|
| 001 | 000392581 | ||
| 005 | 20250521000000.0 | ||
| 009 | 20260310121245.39 | ||
| 020 | |a 978-607-9343-92-7 | ||
| 037 | |a Acervo ITESO - Biblioteca | ||
| 041 | |a ESP | ||
| 082 | |a 972. 44 |b BER | ||
| 100 | |a Bernal Ruiz, Graciela |e (coord.) | ||
| 245 | 1 | 0 | |a Historias de la vida cotidiana en San Luis Potosí del siglo XVII al siglo XX / |c Coord. de G. Bernal Ruiz, M. Vildósola Dávila ; presen. de M.F. Villar Rubio ; pról. de M.I. Monroy Castillo. |
| 264 | 4 | |a San Luis Potosí, México : |b Universidad Autónoma de San Luis Potosí, |c 2015, c2015 | |
| 300 | |a 295 p. | ||
| 336 | |a texto |b txt |2 rdacontenido | ||
| 337 | |a sin mediación |b n |2 rdamedio | ||
| 338 | |a volumen |b nc |2 rdasoporte | ||
| 520 | |a Conjunto de trabajos sobre diversos fenómenos de la vida cotidiana en la historia de San Luis Potosí, situados en un marco cronológico comprendido entre el siglo XVII y la primera mitad del siglo XX: Parte I: La ciudad en armas: 1) Escándalos y patíbulos en San Luis Potosí: los levantamientos populares de 1767, por Mónica Pérez Navarro, y 2) La circulación de noticias en momentos de inestabilidad, por Graciela Bernal Ruiz. Parte II: Presencia extranjera en un contexto de guerra: 3) Episodios de una difícil convivencia: españoles y potosinos, 1810-1821, por G. Bernal Ruiz, y 4) La otredad en armas: familias italianas en la Revolución Mexicana, por Marcela Martínez Rodríguez y Manuel Hernández Pérez. Parte III: Formas de delinquir, formas de castigar: 5) La impartición de justicia y el sistema penal a finales del virreinato, por Urenda Queletzú Navarro Sánchez, y 6) Deseos prohibidos y promesas rotas: historias de amor y desamr entre las parejas potosinas del ocaso virreinal, por Liliana Izaguirre Hernández. Parte IV: Economía y trabajo: 7) Trabajos, vicios y malas costumbres en las minas de San Luis Potosí, por M. Pérez Navarro, 8) Espacio y arquitectura: el comercio en la ciudad de San Luis Potosí antes y durante la Guerra de Independencia, por Teresa Lisette Martínez Rodríguez y 9) Los niños panaderos en la ciudad de San Luis Potosí a principios del siglo XX, Guillermo Luévano Bustamante. | ||
| 520 | |a Parte V: Educar, divertir y celebrar: 10) Educación y ayuntamientos: las escuelas de primeras letras en San Luis Potosí, 1820-1826, por Armando René Espinosa Hernández, 11) La educación en la ciudad y el campo potosino: de la Revolución a la posrevolución, por A.R. Espinosa Hernández, 12) Notas sobre la lectura en San Luis Potosí a finales del siglo XIX: lecturas, medios y espacios, por José Pablo Zamora Vázquez, 13) El alcoholismo y los intentos de erradicarlo en la ciudad de San Luis Potosí antes de la Revolución, por Gerardo Vela de la Rosa, y 16) Diversiones en la ciudad de San Luis Potosí durante el porfiriato, por María de Lourdes Uribe. | ||
| 649 | |a XX | ||
| 650 | |a Jesuitas en México - |x Historia - |y Expulsión, 1767 | ||
| 650 | |a Españoles en San Luis Potosí - |x Historia - |y Guerra de Independencia, 1810-1821 | ||
| 650 | |a Italianos en San Luis Potosí - |x Historia - |y Porfirismo, 1876-1911 | ||
| 650 | |a Italianos en San Luis Potosí - |x Historia - |y Revolución, 1910-1917 | ||
| 650 | |a Movimientos Urbano-Populares - |z San Luis Potosí - |x Historia - |y Siglo XVIII | ||
| 650 | |a Panaderías - |z San Luis Potosí (Ciudad) - |x Historia - |y Porfirismo, 1876-1911 | ||
| 650 | |a Panaderías - |z San Luis Potosí (Ciudad) - |x Historia - |y 1910-1946 | ||
| 650 | |a Noticia - |z San Luis Potosí (Ciudad) - |x Historia - |y Siglo XIX | ||
| 650 | |a Inestabilidad Política - |z San Luis Potosí (Ciudad) - |x Historia - |y Siglo XIX | ||
| 650 | |a Justicia - |x Administración - |z San Luis Potosí (Ciudad) | ||
| 650 | |a Adulterio - |z San Luis Potosí - |x Historia - |y Virreinato, 1535-1821 | ||
| 650 | |a Derecho Penal - |z San Luis Potosí - |x Historia - |y Virreinato, 1535-1821 | ||
| 650 | |a Vagabundeo - |z San Luis Potosí (Ciudad) - |x Historia - |y Virreinato, 1535-1821 | ||
| 650 | |a Vicios - |z San Luis Potosí (Ciudad) - |x Historia - |y Virreinato, 1535-1821 | ||
| 650 | |a Minería - |z San Luis Potosí (Ciudad) - |x Historia - |y Virreinato, 1535-1821 | ||
| 650 | |a Locales Comerciales y de Servicios - |z San Luis Potosí (Ciudad) - |x Historia - |y Virreinato, 1535-1821 | ||
| 650 | |a Comercio - |z San Luis Potosí (Ciudad) - |x Historia - |y Virreinato, 1535-1821 | ||
| 650 | |a Arquitectura Virreinal - |z San Luis Potosí (Ciudad) - |x Historia y Crítica | ||
| 650 | |a Arte Virreinal - |z San Luis Potosí (Ciudad) - |x Historia y Crítica | ||
| 650 | |a Trabajo Infantil - |z San Luis Potosí (Ciudad) - |x Historia - |y Porfirismo, 1876-1911 | ||
| 650 | |a Trabajo Infantil - |z San Luis Potosí (Ciudad) - |x Historia - |y 1910-1946 | ||
| 650 | |a Educación Primaria - |z San Luis Potosí - |x Historia - |y Siglo XIX | ||
| 650 | |a Educación - |z San Luis Potosí - |x Historia - |y 1910-1946 | ||
| 650 | |a Lectura - |z San Luis Potosí (Ciudad) - |x Historia - |y República Liberal, 1867-1911 | ||
| 650 | |a Alcoholismo - |z San Luis Potosí (Ciudad) - |x Prevención - |x Historia | ||
| 650 | |a Alcoholismo - |z San Luis Potosí (Ciudad) - |x Historia - |y Porfirismo, 1876-1911 | ||
| 650 | |a Ocio y Tiempo Libre - |z San Luis Potosí (Ciudad) - |x Historia - |y Porfirismo, 1876-1911 | ||
| 650 | |a Vida Cotidiana - |z San Luis Potosí - |x Historia - |x Tema Principal | ||
| 650 | |a Vida Cotidiana - |z México - |x Historia | ||
| 650 | |a San Luis Potosí - |x Historia - |y Virreinato, 1535-1821 | ||
| 650 | |a San Luis Potosí - |x Historia - |y Epoca Colonial, 1517-1821 | ||
| 650 | |a San Luis Potosí - |x Historia - |y Siglo XIX | ||
| 650 | |a San Luis Potosí - |x Historia - |y Siglo XX | ||
| 650 | |a San Luis Potosí - |x Historia - |x Tema Principal | ||
| 650 | |a México - |x Historia - |y Virreinato, 1535-1821 | ||
| 650 | |a México - |x Historia - |y Epoca Colonial, 1517-1821 | ||
| 650 | |a México - |x Historia - |y Siglo XIX | ||
| 650 | |a México - |x Historia - |y Siglo XX | ||
| 910 | |a Fondo General | ||
| 920 | |a Impresos - Libros | ||
| 930 | |a Colección General | ||
| 905 | |a 101 | ||
| 901 | |a 0500287441 |b IT1 |c ACC |i C153570 |u 20250521 | ||
| 902 | |a https://opac.biblio.iteso.mx/vufind/Record/000392581 | ||